000 00483nam a22001697a 4500
003 NUST - PNEC
005 20170116181007.0
008 150912b xxu||||| |||| 00| 0 eng d
020 _a-
040 _cLIBRARY
082 _a621.381952 BAR
100 _99851
_aBartee, Thomas C.
245 _aExpert systems and artificial intelligence: appplications and management
_cThomas C. Bartee
260 _cc.1988
650 _99847
_aManagment information system
_xMIS
942 _2ddc
_cBK
999 _c66909
_d66909